| 000 | 00000nam##2200000za#4500 |
| 001 | 9.695901 |
| 003 | CaOODSP |
| 005 | 20210624234805 |
| 007 | cr ||||||||||| |
| 008 | 150407|2001||||xxc|||||o f|0| 0 eng|d |
| 040 | |aCaOODSP|beng |
| 043 | |an-cn--- |
| 086 | 1 |aSC94-77/2001E-PDF |
| 110 | 1 |aCanada.|bCanadian Centre for Management Development. |
| 245 | 12|aA foundation for developing risk management : |h[electronic resource]|blearning strategies in the public service / |cby Stephen Hill & Geoff Dinsdale. |
| 246 | 3 |aCCMD Roundtable on risk management |
| 260 | |aOttawa - Ontario : |bCanadian Centre for Management Development |c[2001]. |
| 300 | |a49p.|bfigs., references, tables |
| 500 | |aThe catalogue number (SC94-77/2001) and ISBN (0-662-65523-0) for the bilingual print edition have been incorrectly copied in this electronic publication. |
| 520 | 3 |aDesigned for managers of risk throughout the public service, this report provides a foundation for developing learning strategies and a curriculum for public sector risk management. It provides an overview of risk management concepts, and attempts to set out the learning requirements for effective risk management in the public service by analyzing two dimensions of risk management: the process dimension and the people dimension. This report was published by the Canadian Centre for Management Development in 2001. |
| 590 | |a12-16-Supp|b2012-04-17 |
| 690 | 07|aPublic service|2gcpds |
| 690 | 07|aRisk management|2gcpds |
| 690 | 07|aStrategies|2gcpds |
| 720 | 1 |aDinsdale, Geoff |
| 720 | 1 |aHill, Stephen |
| 775 | 08|tFondements en vue de l'élaboration de stratégies d'apprentissage : |w(CaOODSP)9.640021 |
| 776 | 0#|tA foundation for developing risk management learning strategies in the public service / |w(CaOODSP)9.662553 |
| 776 | 0#|tFondements en vue de l'élaboration de stratégies d'apprentissage en gestion du risque dans la fonction publique / |w(CaOODSP)9.662554 |
| 856 | 40|ahttp://publications.gc.ca|qPDF|s855 KB|uhttps://publications.gc.ca/collections/Collection/SC94-77-2001E.pdf |